Statistics for Best EA FC 24 LaLiga Cards (80+)

Click here to take the quiz!

General Stats

  • This quiz has been taken 73 times
    (23 since last reset)
  • The average score is 82 of 109

Answer Stats

OVRAnswer% Correct
88Atletico Madrid 2017 logo.svgFlag of France (1794–1815, 1830–1974)ST33Antoine Griezmann
100%
82Real Madrid Logo.svgFlag of SpainRB32Dani Carvajal
100%
88Atletico Madrid 2017 logo.svgFlag of SloveniaGK31Jan Oblak
100%
87Real Madrid Logo.svgCM38Luka Modrić
100%
89FC Barcelona (crest).svgFlag of GermanyGK31Marc-André ter Stegen
100%
90FC Barcelona (crest).svgFlag of PolandST35Robert Lewandowski
100%
90Real Madrid Logo.svgFlag of BelgiumGK31Thibaut Courtois
100%
89Real Madrid Logo.svgFlag of BrazilLW23Vinícius Júnior
100%
85Real Madrid Logo.svgFlag of GermanyCB31Antonio Rüdiger
95%
82Real Madrid Logo.svgFlag of France (1794–1815, 1830–1974)CDM21Eduardo Camavinga
95%
88Real Madrid Logo.svgFlag of UruguayCM25Federico Valverde
95%
87FC Barcelona (crest).svgFlag of the NetherlandsCM26Frenkie de Jong
95%
83FC Barcelona (crest).svgFlag of SpainCM19Gavi
95%
86Real Madrid Logo.svgFlag of EnglandCM20Jude Bellingham
95%
84Atletico Madrid 2017 logo.svgFlag of the NetherlandsCF30Memphis Depay
95%
84Atletico Madrid 2017 logo.svgFlag of ArgentinaCM29Rodrigo De Paul
95%
86FC Barcelona (crest).svgFlag of UruguayCB25Ronald Araújo
95%
83Atletico Madrid 2017 logo.svgFlag of SpainST31Álvaro Morata
89%
83FC Barcelona (crest).svgFlag of DenmarkCB27Andreas Christensen
89%
84Real Madrid Logo.svgFlag of France (1794–1815, 1830–1974)CDM24Aurélien Tchouaméni
89%
85Real Madrid Logo.svgFlag of AustriaCB31David Alaba
89%
86Real Madrid Logo.svgFlag of BrazilCB26Éder Militão
89%
86FC Barcelona (crest).svgFlag of GermanyCM33İlkay Gündoğan
89%
86FC Barcelona (crest).svgFlag of PortugalLB29João Cancelo
89%
85FC Barcelona (crest).svgFlag of France (1794–1815, 1830–1974)CB25Jules Koundé
89%
84Atletico Madrid 2017 logo.svgFlag of SpainCDM32Koke
89%
85Sevilla cf logo.pngFlag of ArgentinaLB32Marcos Acuña
89%
86FC Barcelona (crest).svgFlag of SpainCM21Pedri
89%
84FC Barcelona (crest).svgFlag of BrazilRW27Raphinha
89%
85Real Madrid Logo.svgFlag of BrazilRW23Rodrygo
89%
86Real Madrid Logo.svgFlag of GermanyCM34Toni Kroos
89%
81FC Barcelona (crest).svgFlag of SpainLB20Alejandro Balde
84%
82Atletico Madrid 2017 logo.svgFlag of ArgentinaST29Ángel Correa
84%
80Girona FC Logo.svgFlag of SpainRB20Arnau Martínez
84%
86Villarreal CF logo-en.svgFlag of SpainCM34Dani Parejo
84%
82Real Madrid Logo.svgFlag of France (1794–1815, 1830–1974)LB28Ferland Mendy
84%
85RC Celta de Vigo logo.svgFlag of SpainST36Iago Aspas
84%
81FC Barcelona (crest).svgFlag of PortugalCF24João Félix
84%
82Real Madrid Logo.svgFlag of SpainST34Joselu
84%
83Atletico Madrid 2017 logo.svgFlag of UruguayCB29José María Giménez
84%
81Real Madrid Logo.svgFlag of SpainGK29Kepa Arrizabalaga
84%
84Atletico Madrid 2017 logo.svgFlag of SpainRM29Marcos Llorente
84%
83Real betis logo.svgFlag of France (1794–1815, 1830–1974)CAM30Nabil Fekir
84%
83Real Madrid Logo.svgFlag of SpainCB34Nacho Fernández
84%
82Atletico Madrid 2017 logo.svgFlag of ArgentinaRB25Nahuel Molina
84%
81Atletico Madrid 2017 logo.svgFlag of MozambiqueLB30Reinildo Mandava
84%
82Atletico Madrid 2017 logo.svgFlag of MontenegroCB33Stefan Savić
84%
80Real Sociedad logo.svgFlag of JapanRW22Takefusa Kubo
84%
80Real Madrid Logo.svgFlag of MoroccoCAM24Brahim Díaz
79%
80Real betis logo.svgFlag of ChileGK40Claudio Bravo
79%
82FC Barcelona (crest).svgFlag of SpainLW24Ferran Torres
79%
83Villarreal CF logo-en.svgFlag of SpainST31Gerard Moreno
79%
81Club Athletic Bilbao logo.svgFlag of GhanaRM29Iñaki Williams
79%
82FC Barcelona (crest).svgFlag of SpainCB32Iñigo Martínez
79%
81Sevilla cf logo.pngCM36Ivan Rakitić
79%
80Real Sociedad logo.svgFlag of ScotlandLB26Kieran Tierney
79%
81Real Madrid Logo.svgFlag of SpainRB32Lucas Vázquez
79%
82Atletico Madrid 2017 logo.svgFlag of SpainCB28Mario Hermoso
79%
84Real Sociedad logo.svgFlag of SpainCM27Mikel Merino
79%
80Atletico Madrid 2017 logo.svgFlag of SpainCM29Saúl Ñíguez
79%
82Atletico Madrid 2017 logo.svgFlag of France (1794–1815, 1830–1974)CM28Thomas Lemar
79%
83Club Athletic Bilbao logo.svgFlag of SpainGK26Unai Simón
79%
82Sevilla cf logo.pngFlag of MoroccoST26Youssef En-Nesyri
79%
80Girona FC Logo.svgFlag of SpainCM26Aleix García
74%
80Real Sociedad logo.svgFlag of PortugalST28André Silva
74%
82Osasuna logo.svgFlag of SpainCB30David García
74%
80Sevilla cf logo.pngFlag of ArgentinaRW32Erik Lamela
74%
82Sevilla cf logo.pngFlag of BrazilCDM36Fernando
74%
82Valenciacf.svgFlag of SpainLB28José Gayà
74%
80Sevilla cf logo.pngFlag of ArgentinaRW29Lucas Ocampos
74%
83Real Sociedad logo.svgFlag of SpainLM26Mikel Oyarzabal
74%
80FC Barcelona (crest).svgFlag of SpainCDM32Oriol Romeu
74%
81Villarreal CF logo-en.svgFlag of SpainCB38Raúl Albiol
74%
80FC Barcelona (crest).svgFlag of SpainRB32Sergi Roberto
74%
82Girona FC Logo.svgFlag of UkraineRM26Viktor Tsygankov
74%
83Real betis logo.svgFlag of ArgentinaCDM28Guido Rodríguez
68%
80Real Sociedad logo.svgFlag of MaliRB32Hamari Traoré
68%
80Villarreal CF logo-en.svgFlag of ArgentinaRB26Juan Foyth
68%
81Real betis logo.svgFlag of PortugalCDM31William Carvalho
68%
84Real Sociedad logo.svgFlag of SpainGK29Álex Remiro
63%
80Valenciacf.svgFlag of GeorgiaGK23Giorgi Mamardashvili
63%
80Real betis logo.svgFlag of SpainCAM31Isco
63%
82Cádiz CF logo.svgFlag of ArgentinaGK31Jeremías Conan Ledesma
63%
80Sevilla cf logo.pngFlag of SpainRB38Jesús Navas
63%
81Club Athletic Bilbao logo.svgFlag of SpainCAM23Oihan Sancet
63%
80Rcd mallorca.svgFlag of KosovoST29Vedat Muriqi
63%
81Villarreal CF logo-en.svgFlag of France (1794–1815, 1830–1974)CM35Etienne Capoue
58%
81Club Athletic Bilbao logo.svgFlag of SpainCAM31Iker Muniain
58%
82Rayo Vallecano logo.svgFlag of SpainRM29Isi Palazón
58%
80Real Sociedad logo.svgFlag of SpainCDM25Martín Zubimendi
58%
80Club Athletic Bilbao logo.svgFlag of SpainRB34Óscar de Marcos
58%
83Rcd mallorca.svgFlag of SpainCM30Sergi Darder
58%
80Getafe logo.svgFlag of SpainGK30David Soria
53%
82Real Sociedad logo.svgFlag of SpainLB29Javi Galán
53%
82Real Sociedad logo.svgFlag of SpainCB27Robin Le Normand
53%
80Sevilla cf logo.pngFlag of SpainRW30Suso
53%
80Villarreal CF logo-en.svgFlag of France (1794–1815, 1830–1974)CM32Francis Coquelin
47%
80Sevilla cf logo.pngFlag of SpainCM29Joan Jordán
47%
80Sevilla cf logo.pngFlag of SerbiaCB32Nemanja Gudelj
47%
81Real Sociedad logo.svgFlag of SpainCM27Brais Méndez
42%
80Sevilla cf logo.pngFlag of SerbiaGK32Marko Dmitrović
42%
80Getafe logo.svgFlag of UruguayCDM28Mauro Arambarri
42%
80Club Athletic Bilbao logo.svgFlag of SpainLM28Álex Berenguer
37%
80Real betis logo.svgFlag of ArgentinaST30Ezequiel Ávila
37%
80Real Sociedad logo.svgFlag of SpainCB27Igor Zubeldia
37%
80RC Celta de Vigo logo.svgFlag of SpainCDM25Fran Beltrán
32%
80Real Sociedad logo.svgFlag of SpainCB30Aritz Elustondo
26%
80UD Almeria logo.svgFlag of SpainCAM34Jonathan Viera
26%
81Club Athletic Bilbao logo.svgFlag of SpainCB29Yeray Álvarez
26%

Score Distribution

Percentile by Number Answered

Percent of People with Each Score

Your Score History

You have not taken this quiz since the last reset